Principaux partenaires commerciaux - France - Statistiques

Statistiques générales
  • Ce quiz a été pris 32 fois
  • Le résultat moyen est 26 sur 32
Statistiques - réponses
Hint Réponse % Correct
19.9 Chine
100%
51.9 Chine
100%
36.0 Espagne
100%
35.0 Espagne
100%
36.2 États-Unis
100%
38.8 États-Unis
100%
79.1 Allemagne
97%
96.1 Allemagne
97%
35.3 Italie
97%
41.7 Italie
97%
15.3 Suisse
97%
16.0 Suisse
97%
35.0 Royaume-Uni
93%
21.6 Royaume-Uni
93%
33.6 Belgique
87%
40.8 Belgique
87%
6.97 Japon
87%
9.31 Japon
87%
19.3 Pays-Bas
87%
23.9 Pays-Bas
87%
7.01 Russie
87%
6.89 Algérie
80%
8.56 Pologne
73%
9.90 Pologne
73%
5.77 Suede
73%
6.16 Suède
73%
5.34 Corée du Sud
63%
7.02 Irlande
60%
7.87 Turquie
50%
7.41 Turquie
50%
6.84 République tchèque
30%
5.93 Singapour
23%
Aucun quiz correspondant
Distribution des résultats
% des personnes avec chaque résultat
Percentile par nombre de réponses
Votre historique - résultats
Vous n’avez pas pris ce quiz